000
00288nam a2200109Ia 4500
008
171211s9999 xx 000 0 und d
245
4
_a
The Fictional Christopher Nolan
245
_c
Todd McGowan
260
_c
2012
650
_x
ART
856
_u
http://down.ebook777.com/062/0292737823.pdf
999
_c
348567
_d
348567